Word Ladder: Driving the Lane Quiz Stats

 Plays Quiz Updated Feb 17, 2020

     
Support Sporcle.
Go Orange.
Score 0/27 Timer 03:00
1 Play Today
Clue 4-Letter Word % Correct
Someone to look up to: a ___ modelROLE
92.9%
12 inchesFOOT
91%
1980s PSA: 'Friends ___ Let Friends Drive Drunk'DON'T
89.1%
Times New Roman, for exampleFONT
88.9%
To shapeMOLD
88.9%
Chimney byproductSOOT
88.3%
Measure voting opinionPOLL
88%
Study with fervor at the last minuteCRAM
87.8%
A recent degree recipientGRAD
87.7%
A small metric massGRAM
87.6%
A spy in one's midstMOLE
87%
Central ingredient in many chowdersCLAM
86.4%
11th US President surnamePOLK
85.3%
Sign of an impactDENT
83.9%
Clue 4-Letter Word % Correct
CrookedBENT
83.7%
With [1], [16], [27], a scoring play in basketball•ROLL•
82.6%
1970s fashion fad: ___ ringMOOD
81.7%
Martha Stewart catchphrase: It's a ___ thing!GOOD
80.1%
To taunt or lure someone into actionGOAD
79.9%
Acne mark on the facePOCK
78.7%
With [1], [5], [27], a scoring play in basketball•SLAM•
76.9%
One way to sacrifice in baseballBUNT
76.9%
With [1], [5], [16], a scoring play in basketball•DUNK•
73.7%
Wide receiver closer to the QBSLOT
71.6%
A part of a fence or a chairSLAT
71.1%
NonsenseBUNK
66.2%
With [5], [16], [27], a scoring play in basketball•PICK•
60.8%

Today's Daily Dose

Get the Picture
Alien TV Shows

From the Vault

The Answer Is a Film Title

by giveupyet

Movies 4m
We knew you were hoping the answer would be 42, but actually it's just a film title.
Remove Ads.
Support Sporcle.
Get the best of Sporcle when you Go Orange. This ad-free experience offers more features, more stats, and more fun while also helping to support Sporcle. Thank you for becoming a member.

Show Comments

Extras

Top Quizzes Today


Score Distribution

Your Account Isn't Verified!

In order to create a playlist on Sporcle, you need to verify the email address you used during registration. Go to your Sporcle Settings to finish the process.

Report this User

Report this user for behavior that violates our Community Guidelines.

Details: